[Event "Verbandsliga Sued Baden 1314"]
[Site "Germany"]
[Date "2014.02.02"]
[Round "5.7"]
[White "Lang, Alexander"]
[Black "Rahnfeld, Jens"]
[Result "1/2-1/2"]
[WhiteElo "2079"]
[BlackElo "2064"]
[PlyCount "182"]
[EventDate "2013.10.20"]
[EventType "team-tourn"]
[EventRounds "9"]
[EventCountry "GER"]
[SourceTitle "EXT 2015"]
[Source "ChessBase"]
[SourceDate "2014.11.20"]
[SourceVersion "1"]
[SourceVersionDate "2014.11.20"]
[SourceQuality "1"]
[WhiteTeam "Oberwinden"]
[BlackTeam "Emmendingen"]
[WhiteTeamCountry "GER"]
[BlackTeamCountry "GER"]

1. d4 Nf6 2. Nf3 e6 3. Bf4 c5 4. e3 Nc6 5. c3 b6 6. Nbd2 Be7 7. h3 0-0 8. Bd3 cxd4 9. exd4 d6 10. Qe2 Bb7 11. 0-0 Qd7 12. Rfe1 Rfe8 13. Rad1 g6 14. Nf1 Bf8 15. Ng3 Ne7 16. Ng5 Bg7 17. N3e4 Nxe4 18. Nxe4 Nf5 19. g4 d5 20. Ng5 Nd6 21. Nf3 a6 22. Ne5 Qd8 23. Qd2 f6 24. Nf3 Nc4 25. Qc2 Qc8 26. Bf1 e5 27. Be3 Nxe3 28. fxe3 e4 29. Nh2 Qc7 30. Rc1 b5 31. a4 Bh6 32. Bg2 f5 33. gxf5 gxf5 34. Qf2 Rf8 35. Qh4 Qg7 36. Kh1 Bg5 37. Qg3 f4 38. exf4 Bxf4 39. Qxg7+ Kxg7 40. Ra1 h5 41. Rf1 Bc6 42. axb5 Bxb5 43. Rfb1 Bd3 44. Rg1 Kh7 45. Bf1 Bxh2 46. Kxh2 Rf2+ 47. Kg3 Raf8 48. Bxd3 R8f4 49. Bxe4+ dxe4 50. Rg2 R2f3+ 51. Kh2 Rh4 52. Rxa6 Rfxh3+ 53. Kg1 Rh1+ 54. Kf2 R4h3 55. Ke2 Rb1 56. Rb6 Rxc3 57. bxc3 Rxb6 58. Ke3 Rc6 59. Rc2 Re6 60. c4 Kg6 61. c5 Re8 62. Rf2 h4 63. c6 h3 64. Rh2 Kf5 65. Rxh3 Ke6 66. Rh6+ Kd5 67. c7 Rc8 68. Rh7 Ra8 69. Rh5+ Kd6 70. Rc5 Rc8 71. Kxe4 Re8+ 72. Kf5 Rf8+ 73. Kg6 Rc8 74. Kf7 Kd7 75. Rd5+ Kc6 76. Rd8 Rxc7+ 77. Ke6 Rh7 78. Rc8+ Kb7 79. Re8 Rh6+ 80. Kd7 Rh7+ 81. Re7 Rh8 82. d5 Rh6 83. d6 Rh8 84. Rf7 Kb6 85. Ke6 Re8+ 86. Re7 Rh8 87. Kd7 Kb7 88. Re8 Rh7+ 89. Ke6 Rh6+ 90. Kd7 Rh7+ 91. Re7 Rh8 1/2-1/2

[Event "Verbandsliga Sued Baden 1314"]
[Site "Germany"]
[Date "2014.01.12"]
[Round "4.7"]
[White "Rahnfeld, Jens"]
[Black "Fessler, Stephan"]
[Result "1/2-1/2"]
[WhiteElo "2045"]
[BlackElo "2030"]
[PlyCount "90"]
[EventDate "2013.10.20"]
[EventType "team-tourn"]
[EventRounds "9"]
[EventCountry "GER"]
[SourceTitle "EXT 2015"]
[Source "ChessBase"]
[SourceDate "2014.11.20"]
[SourceVersion "1"]
[SourceVersionDate "2014.11.20"]
[SourceQuality "1"]
[WhiteTeam "Emmendingen"]
[BlackTeam "Gottmadingen"]
[WhiteTeamCountry "GER"]
[BlackTeamCountry "GER"]

1. e4 c5 2. Nf3 d6 3. d4 cxd4 4. Nxd4 Nf6 5. Nc3 g6 6. Be3 Bg7 7. f3 Nc6 8. Qd2 0-0 9. 0-0-0 d5 10. Be2 Nxd4 11. Bxd4 dxe4 12. Nxe4 Nxe4 13. fxe4 Be6 14. Bxg7 Qxd2+ 15. Rxd2 Kxg7 16. b3 Rfc8 17. Kb2 Rc5 18. c4 a5 19. Rf1 Re5 20. Rd4 Rc8 21. a3 f5 22. Bd3 b6 23. Re1 Rf8 24. Kc3 f4 25. Be2 g5 26. h3 Kg6 27. Bd1 h5 28. Rd2 g4 29. Kd4 Rg5 30. hxg4 hxg4 31. Rf2 g3 32. Rff1 Rc5 33. a4 Kg5 34. Bf3 Rd8+ 35. Kc3 Bg4 36. Rb1 Bxf3 37. Rxf3 Re5 38. Re1 Re6 39. e5 Rh6 40. e6 Kf5 41. Ref1 Rh4 42. Rxg3 Rd6 43. Rgf3 Rxe6 44. g3 Rh3 45. Rxf4+ Kg5 1/2-1/2

[Event "Basel op"]
[Site "Basel"]
[Date "2014.01.02"]
[Round "2"]
[White "Maier, Christian"]
[Black "Rahnfeld, Jens"]
[Result "1-0"]
[WhiteElo "2368"]
[BlackElo "2045"]
[PlyCount "95"]
[EventDate "2014.01.01"]
[EventType "swiss"]
[EventRounds "7"]
[EventCountry "SUI"]
[SourceTitle "CBM 158 Extra"]
[Source "ChessBase"]
[SourceDate "2014.02.28"]
[SourceVersion "1"]
[SourceVersionDate "2014.02.28"]
[SourceQuality "1"]

1. e4 e6 2. d4 d5 3. Nc3 Bb4 4. exd5 exd5 5. Bd3 Nc6 6. a3 Ba5 7. Nge2 Nge7 8. 0-0 Bb6 9. Be3 0-0 10. Na4 Bf5 11. Ng3 Bxd3 12. Qxd3 Qd7 13. Rfe1 f5 14. Nxb6 axb6 15. Bf4 Ng6 16. Nh5 Rae8 17. f3 Qf7 18. Qd2 Nd8 19. Ng3 Ne6 20. Ne2 Qf6 21. Rad1 Re7 22. Be5 Nxe5 23. dxe5 Qxe5 24. Nc3 Qd6 25. Qxd5 Qxd5 26. Nxd5 Ree8 27. Re5 g6 28. c4 Kf7 29. Rde1 Rh8 30. h4 h5 31. Kf1 Rhf8 32. R1e3 Rg8 33. b4 c6 34. Nxb6 Nd4 35. Rxe8 Rxe8 36. Rd3 Nc2 37. Kf2 f4 38. c5 Ke6 39. Nc4 Kf6 40. Rd6+ Re6 41. Rd8 Re1 42. Rf8+ Kg7 43. Rxf4 Ra1 44. Kg3 Nxa3 45. Nd6 Rb1 46. Rf7+ Kg8 47. Rxb7 Nc2 48. b5 1-0

[Event "Basel op"]
[Site "Basel"]
[Date "2014.01.02"]
[Round "3"]
[White "Rahnfeld, Jens"]
[Black "Wittke, Christian"]
[Result "1-0"]
[WhiteElo "2045"]
[BlackElo "2168"]
[PlyCount "77"]
[EventDate "2014.01.01"]
[EventType "swiss"]
[EventRounds "7"]
[EventCountry "SUI"]
[SourceTitle "CBM 158 Extra"]
[Source "ChessBase"]
[SourceDate "2014.02.28"]
[SourceVersion "1"]
[SourceVersionDate "2014.02.28"]
[SourceQuality "1"]

1. e4 c5 2. Nf3 e6 3. d4 cxd4 4. Nxd4 Nf6 5. Nc3 d6 6. Be3 a6 7. Be2 Be7 8. f4 Qc7 9. Qd2 Nc6 10. g4 Nxd4 11. Qxd4 e5 12. Qd1 exf4 13. Bxf4 h6 14. Qd4 Be6 15. 0-0-0 Rd8 16. Kb1 b5 17. h4 Qc5 18. Nd5 Bxd5 19. exd5 Rc8 20. c3 Qxd4 21. Rxd4 Kd8 22. Bg3 Nd7 23. a4 Rc5 24. axb5 axb5 25. Rb4 Rxd5 26. Rd1 Rxd1+ 27. Bxd1 Kc7 28. Rxb5 Bf6 29. Bf3 Rb8 30. Rxb8 Nxb8 31. Bd5 Nd7 32. Bxf7 Ne5 33. Be6 Kc6 34. Kc2 Kc5 35. Bf2+ Kc6 36. c4 Kc7 37. b4 Nf3 38. Bd5 Nxh4 39. Ba7 1-0

[Event "Verbandsliga Sued Baden 1314"]
[Site "Germany"]
[Date "2013.11.17"]
[Round "2.5"]
[White "Rahnfeld, Jens"]
[Black "Feiler, Juergen"]
[Result "1-0"]
[WhiteElo "2039"]
[BlackElo "2141"]
[PlyCount "53"]
[EventDate "2013.10.20"]
[EventType "team-tourn"]
[EventRounds "9"]
[EventCountry "GER"]
[SourceTitle "EXT 2015"]
[Source "ChessBase"]
[SourceDate "2014.11.20"]
[SourceVersion "1"]
[SourceVersionDate "2014.11.20"]
[SourceQuality "1"]
[WhiteTeam "Emmendingen"]
[BlackTeam "Baden-Baden IV"]
[WhiteTeamCountry "GER"]
[BlackTeamCountry "GER"]

1. e4 c5 2. Nf3 e6 3. d4 cxd4 4. Nxd4 a6 5. Nc3 Qc7 6. Bd3 Nc6 7. Nb3 Nf6 8. 0-0 d6 9. f4 e5 10. f5 h6 11. Nd5 Nxd5 12. exd5 Ne7 13. Qf3 Ng8 14. c4 Bd7 15. Nd2 Nf6 16. Ne4 Be7 17. b3 b5 18. Be3 Nxe4 19. Qxe4 f6 20. c5 Qb8 21. c6 Bc8 22. a4 Bd8 23. axb5 Bb6 24. b4 0-0 25. Bxb6 Qxb6+ 26. Kh1 Kf7 27. bxa6 1-0

[Event "Baden-ch op U2000 "]
[Site "Emmendingen"]
[Date "2012.06.10"]
[Round "6"]
[White "Rahnfeld, Jens"]
[Black "Bouz El Jedi, Mamoun"]
[Result "0-1"]
[WhiteElo "1849"]
[BlackElo "1989"]
[PlyCount "160"]
[EventDate "2012.06.07"]
[EventType "swiss"]
[EventRounds "7"]
[EventCountry "GER"]
[SourceTitle "EXT 2013"]
[Source "ChessBase"]
[SourceDate "2012.11.22"]
[SourceVersion "1"]
[SourceVersionDate "2012.11.22"]
[SourceQuality "1"]

1. e4 c5 2. Nf3 d6 3. d4 cxd4 4. Nxd4 Nf6 5. Nc3 a6 6. Be2 e5 7. Nb3 Be6 8. 0-0 Qc7 9. Bg5 Nbd7 10. Kh1 b5 11. f4 Be7 12. Bf3 Rd8 13. Re1 h6 14. Bh4 exf4 15. Nd5 Bxd5 16. exd5 g5 17. Bf2 Ne5 18. Bd4 0-0 19. Bc3 Rc8 20. Nd4 Rfe8 21. Nc6 Bf8 22. Nxe5 dxe5 23. a3 Bd6 24. Qd3 Qd7 25. h3 Rc4 26. Qe2 Qc7 27. Qf1 Nd7 28. Be2 Rxc3 29. bxc3 Qxc3 30. Bd3 Bxa3 31. Qf3 Bb2 32. Rab1 Nf6 33. d6 Rd8 34. Red1 Kg7 35. Be4 Qxf3 36. Bxf3 Bd4 37. Be2 Ne4 38. Kh2 Nc3 39. Bf1 Nxb1 40. Rxb1 Rxd6 41. c4 bxc4 42. Bxc4 e4 43. Rb4 Bf2 44. Rb1 Bg3+ 45. Kg1 a5 46. Kf1 a4 47. Ke2 e3 48. Rb2 f5 49. Bd3 Kf6 50. Rb5 Ke7 51. Rxf5 Rb6 52. Rb5 Rxb5 53. Bxb5 a3 54. Bc4 Kd6 55. Kd3 Kc5 56. Ba2 Kb4 57. Bg8 e2 58. Kxe2 Kc3 59. Kf3 Kb2 60. Kg4 a2 61. Bxa2 Kxa2 62. Kh5 Kb3 63. Kxh6 Bh4 64. Kh5 Kc4 65. Kg4 Kd3 66. Kf3 Kd2 67. g4 Ke1 68. Kg2 Ke2 69. Kg1 Kf3 70. Kh2 Kf2 71. Kh1 Kg3 72. Kg1 Kxh3 73. Kh1 Kxg4 74. Kg2 Kf5 75. Kf3 g4+ 76. Kg2 Ke4 77. Kf1 Kf3 78. Kg1 g3 79. Kh1 g2+ 80. Kg1 Bf2+ 0-1

[Event "Baden-ch op U2000 "]
[Site "Emmendingen"]
[Date "2012.06.09"]
[Round "5"]
[White "Kaspereit, Holger"]
[Black "Rahnfeld, Jens"]
[Result "1/2-1/2"]
[WhiteElo "2094"]
[BlackElo "1849"]
[PlyCount "35"]
[EventDate "2012.06.07"]
[EventType "swiss"]
[EventRounds "7"]
[EventCountry "GER"]
[SourceTitle "EXT 2013"]
[Source "ChessBase"]
[SourceDate "2012.11.22"]
[SourceVersion "1"]
[SourceVersionDate "2012.11.22"]
[SourceQuality "1"]

1. c4 c5 2. g3 Nf6 3. Bg2 d5 4. cxd5 Nxd5 5. Nc3 Nc7 6. Nf3 Nc6 7. a3 e5 8. b4 f6 9. b5 Nd4 10. a4 Be6 11. Rb1 Be7 12. 0-0 0-0 13. d3 Rc8 14. e3 Nxf3+ 15. Bxf3 b6 16. Ba3 c4 17. Bxe7 Qxe7 18. dxc4 1/2-1/2